Các văn bản pháp luật về đấu thầu và tư vấn trong hoạt động kinh tế và hành chính tại Việt Nam.

Сохранить в:
Библиографические подробности
Формат:
Язык:Vietnamese
Опубликовано: Thống kê 1999
Метки: Добавить метку
Нет меток, Требуется 1-ая метка записи!
Thư viện lưu trữ: Mạng thư viện Đại học Đà Nẵng
LEADER 00661nam a2200241 4500
001 000020558
003 17004
005 20150323100300.0
008 150323s1999 viesd
020 |c 105000 
041 0 |a vie 
082 1 4 |a 342  |b Vă-B 
245 1 0 |a Các văn bản pháp luật về đấu thầu và tư vấn trong hoạt động kinh tế và hành chính tại Việt Nam. 
260 |b Thống kê  |c 1999 
300 |a tr.  |c cm. 
OWN |a LSP 
999 |a From the UDN01 
TYP |a Monograph 
TYP |a Printed language 
980 |a Mạng thư viện Đại học Đà Nẵng